The paradise of women : writings by Englishwomen of the Renaissance /

Bibliographic Details
Other Authors: Travitsky, Betty, 1942-
Format: Book
Language:English
Published: Westport, Conn. : Greenwood Press, 1981.
Series:Contributions in women's studies ; no. 22.
Subjects:

MARC

Tag First Indicator Second Indicator Subfields
LEADER 00000pam a2200000 a 4500
001 in00000076850
005 20151008054947.0
008 800802s1981 ctu b 00100 engm
010 |a  80001705  
020 |a 0313221774 (lib. bdg.) 
035 |a (OCoLC)06625600 
035 |9 AAJ2174AM 
040 |a DLC  |c DLC  |d m.c.  |d TXA  |d UtOrBLW 
049 |a TXAM  |c [1387369] 
050 0 0 |a PR1110.W6  |b P3 
082 0 |a 820/.8/09287  |2 19 
245 0 4 |a The paradise of women :  |b writings by Englishwomen of the Renaissance /  |c compiled and edited by Betty Travitsky. 
264 1 |a Westport, Conn. :  |b Greenwood Press,  |c 1981. 
300 |a xiv, 283 pages ;  |c 25 cm. 
336 |a text  |b txt  |2 rdacontent 
337 |a unmediated  |b n  |2 rdamedia 
338 |a volume  |b nc  |2 rdacarrier 
490 1 |a Contributions in women's studies,  |x 0147-104X ;  |v no. 22 
500 |a Includes index. 
504 |a Bibliography: pages [265]-273. 
650 0 |a English literature  |x Women authors. 
650 0 |a English literature  |y Early modern, 1500-1700. 
700 1 |a Travitsky, Betty,  |d 1942- 
830 0 |a Contributions in women's studies ;  |v no. 22. 
999 |a MARS 
999 f f |s af15dd63-ed70-342d-a4eb-2587de75a1bc  |i 0fcf403b-3393-398a-9d5b-2a15eb33e9ea  |t 0 
952 f f |p normal  |a Texas A&M University  |b College Station  |c Sterling C. Evans Library  |d Evans: Library Stacks  |t 0  |e PR1110.W6 P3  |h Library of Congress classification  |i unmediated -- volume  |m A14806183528 
998 f f |a PR1110.W6 P3  |t 0  |l Evans: Library Stacks